[Event "EYCC Open-U12 2019"]
[Site "Bratislava"]
[Date "2019.08.10"]
[Round "9.35"]
[White "Dudarev, Vladislav"]
[Black "Aleksanyan, Davit"]
[Result "1-0"]
[WhiteElo "2137"]
[BlackElo "1797"]
[Annotator "TA"]
[PlyCount "71"]
[EventDate "2019.08.02"]
[EventType "swiss"]
[EventCountry "SVK"]
[SourceTitle "playchess.com"]
[Source "ChessBase"]
[SourceQuality "1"]

{[%evp 21,71,47,56,37,49,50,47,43,45,41,49,44,82,21,22,5,24,24,33,32,83,6,0,0,129,117,139,115,198,192,193,187,225,227,216,205,236,260,261,134,515,498,526,433,488,489,2121,2062,2047,2041,1888,1763]} 1. c4 c5 2. Nf3 Nf6 3. d4 cxd4 4. Nxd4 b6 5. f3 Bb7 6. e4 d6 7. Nc3 e6 8. Be2 Be7 9. Be3 O-O 10. O-O a6 11. Qd2 Nbd7 12. Rfc1 {A31: Symmetrical English: 2 Nf3 Nf6 3 d4} (12. a4 Qc7 13. a5 bxa5 14. Nb3 Rab8 15. Nxa5 Ba8 16. Rfc1 h5 17. b4 h4 18. b5 Nc5 19. bxa6 Nxa6 20. Nb5 Qd8 {0-1 (55) Borisek,J (2584)-Van Foreest,J (2612) chess.com INT 2019}) 12... Rc8 13. Rab1 Qc7 14. b4 {White is slightly better.} Qb8 15. Rc2 Bd8 16. Kh1 Ne5 $146 ({Predecessor:} 16... Re8 17. Nb3 Bc7 18. Bg1 h5 19. a4 d5 20. exd5 Bf4 {1-0 (62) Hulak,K (2480)-Rajkovic,D (2416) Rijeka 2011}) 17. Na4 ({White should try} 17. c5 $1 $16) 17... Nxe4 $11 18. fxe4 Bxe4 19. Rbc1 Bxc2 20. Rxc2 ({Worse is} 20. Qxc2 b5 $1 $17 {[%mdl 512]}) 20... Bf6 {[#]} ({Black should play} 20... h6 $14) 21. Nf3 ({Better is} 21. Nxb6 $1 $16 {[%mdl 512]} Qxb6 {[#]} 22. Nxe6 $1 {[%mdl 576] Discovered Attack}) 21... Rc6 22. Nxe5 dxe5 (22... Bxe5 $11 {remains equal.} 23. Bd3 Qd8) 23. c5 {[%cal Ra4b6]} Rd8 24. Qe1 {[%cal Ra4b6][%mdl 1024] White has strong compensation.} b5 (24... bxc5 $16 25. Nxc5 Rdd6) 25. Bf3 $18 Rc7 26. Nb6 Be7 27. Bf2 f6 28. Qe2 Kf7 29. a3 g6 30. c6 (30. g4 $18) 30... a5 $2 {[%mdl 8192]} (30... Rd6 $16 31. Nd7 Qd8) 31. bxa5 {White is clearly winning.} Bxa3 32. Qxb5 e4 33. Be2 Rd5 (33... Be7 $142 34. g4 Bd6) 34. Nxd5 {[%mdl 64] Discovered Attack} Qxb5 35. Bxb5 exd5 36. Bb6 {Accuracy: White = 57%, Black = 38%.} 1-0

[Event "EYCC Open-U12 2019"]
[Site "Bratislava"]
[Date "2019.08.10"]
[Round "9.36"]
[White "Gschiel, Alexander"]
[Black "Mekhane, Adam"]
[Result "1/2-1/2"]
[WhiteElo "1768"]
[BlackElo "2040"]
[Annotator "NA RC"]
[PlyCount "192"]
[EventDate "2019.08.02"]
[EventType "swiss"]
[EventCountry "SVK"]
[SourceTitle "playchess.com"]
[Source "ChessBase"]
[SourceQuality "1"]
[TimeControl "40/5400+30:1800+30"]

1. d4 {[%emt 0:00:00]} Nf6 {[%emt 0:00:34]} 2. c4 {[%emt 0:00:00]} g6 {[%emt 0:00:06]} 3. Nc3 {[%emt 0:00:03]} Bg7 {[%emt 0:00:22]} 4. Nf3 {[%emt 0:00:42]} O-O {[%emt 0:00:28]} 5. e4 {[%emt 0:00:24]} d6 {[%emt 0:00:14]} 6. Be2 {[%emt 0:00:55]} Na6 {[%emt 0:00:30]} 7. O-O {[%emt 0:01:55]} e5 {[%emt 0:00:10]} 8. dxe5 {[%emt 0:03:39]} dxe5 {[%emt 0:00:50]} 9. Qxd8 {[%emt 0:01:15]} Rxd8 {[%emt 0:00:01]} 10. Bg5 {[%emt 0:00:15]} Re8 {[%emt 0:03:45]} 11. Rfd1 {[%emt 0:05:31]} c6 {[%emt 0:04:36]} 12. Nxe5 {[%emt 0:04:52]} Rxe5 {[%emt 0:14:01]} 13. Rd8+ {[%emt 0:00:25]} Ne8 {[%emt 0:03:10]} 14. f4 {[%emt 0:02:04]} Re6 {[%emt 0:02:40]} 15. Bg4 {[%emt 0:03:32]} Nac7 {[%emt 0:08:17]} 16. Bxe6 {[%emt 0:14:54]} Bxe6 {[%emt 0:00:33]} 17. Rad1 {[%emt 0:00:49]} f6 {[%emt 0:07:30]} 18. Bh4 {[%emt 0:01:33]} Rxd8 {[%emt 0:01:47]} 19. Rxd8 {[%emt 0:02:40]} Bxc4 {[%emt 0:13:25]} 20. Bf2 {[%emt 0:05:04]} b6 {[%emt 0:02:01]} 21. a4 {[%emt 0:01:47]} Kf8 {[%emt 0:03:40]} 22. a5 {[%emt 0:03:18]} Ke7 {[%emt 0:00:46]} 23. Rb8 {[%emt 0:04:53]} bxa5 {[%emt 0:04:41]} 24. Bxa7 {[%emt 0:02:58]} Nd6 {[%emt 0:08:00]} 25. Bc5 {[%emt 0:07:31]} Kd7 {[%emt 0:02:09]} 26. b3 {[%emt 0:04:37]} Bf7 {[%emt 0:05:15]} 27. Bxd6 {[%emt 0:03:46]} Kxd6 {[%emt 0:00:39]} 28. Kf2 {[%emt 0:01:49]} g5 {[%emt 0:02:09]} 29. f5 {[%emt 0:02:46]} Be8 {[%emt 0:05:00]} 30. Ke3 {[%emt 0:01:30]} Bf8 {[%emt 0:01:39]} 31. Ne2 {[%emt 0:02:38]} Ke5 {[%emt 0:02:48]} 32. Rb7 {[%emt 0:00:55]} Bc5+ {[%emt 0:01:16]} 33. Kd3 {[%emt 0:01:03]} Kd6 {[%emt 0:00:22]} 34. Nc3 {[%emt 0:01:02]} Nb5 {[%emt 0:02:27]} 35. Rxh7 {[%emt 0:01:26]} Nxc3 {[%emt 0:00:33]} 36. Kxc3 {[%emt 0:00:02]} Bb4+ {[%emt 0:00:58]} 37. Kd3 {[%emt 0:00:18]} c5 {[%emt 0:00:26]} 38. g3 {[%emt 0:01:29]} Bb5+ {[%emt 0:00:28]} 39. Ke3 {[%emt 0:00:35]} c4 {[%emt 0:00:36]} 40. bxc4 {[%emt 0:00:00]} Bxc4 {[%emt 0:00:00]} 41. h4 {[%emt 0:02:44]} gxh4 {[%emt 0:04:04]} 42. Kd4 {[%emt 0:03:15]} Ba6 {[%emt 0:08:40]} 43. gxh4 {[%emt 0:02:50]} a4 {[%emt 0:02:39]} 44. Rf7 {[%emt 0:01:03]} Bc5+ {[%emt 0:05:13]} 45. Kc3 {[%emt 0:00:46]} Ke5 {[%emt 0:00:58]} 46. h5 {[%emt 0:00:58]} a3 {[%emt 0:03:37]} 47. Rc7 {[%emt 0:11:19]} Bf8 {[%emt 0:07:22]} 48. Ra7 {[%emt 0:05:06]} Be2 {[%emt 0:00:29]} 49. Ra8 {[%emt 0:00:36]} Bh6 {[%emt 0:01:11]} 50. Rh8 {[%emt 0:02:29]} Bc1 {[%emt 0:00:29]} 51. h6 {[%emt 0:00:44]} a2 {[%emt 0:00:44]} 52. Re8+ {[%emt 0:02:05]} Kd6 {[%emt 0:00:25]} 53. Ra8 {[%emt 0:01:35]} Bxh6 {[%emt 0:00:13]} 54. Rxa2 {[%emt 0:00:08]} Bb5 {[%emt 0:00:49]} 55. Kd4 {[%emt 0:01:36]} Bf4 {[%emt 0:00:19]} 56. Rc2 {[%emt 0:00:46]} Be5+ {[%emt 0:00:54]} 57. Ke3 {[%emt 0:00:21]} Bc6 {[%emt 0:00:29]} 58. Rc1 {[%emt 0:00:47]} Kc7 {[%emt 0:00:07]} 59. Rb1 {[%emt 0:00:15]} Ba4 {[%emt 0:00:37]} 60. Rb4 {[%emt 0:00:43]} Be8 {[%emt 0:00:13]} 61. Rc4+ {[%emt 0:00:35]} Kb6 {[%emt 0:00:14]} 62. Rc2 {[%emt 0:00:40]} Kb5 {[%emt 0:00:11]} 63. Rc1 {[%emt 0:00:28]} Kb4 {[%emt 0:00:10]} 64. Rc8 {[%emt 0:00:20]} Bb5 {[%emt 0:00:20]} 65. Rc1 {[%emt 0:01:15]} Bc4 {[%emt 0:00:41]} 66. Rb1+ {[%emt 0:01:02]} Bb3 {[%emt 0:00:41]} 67. Kd3 {[%emt 0:00:19]} Ka3 {[%emt 0:00:20]} 68. Rc1 {[%emt 0:00:16]} Kb2 {[%emt 0:00:42]} 69. Rc5 {[%emt 0:01:33]} Ba2 {[%emt 0:00:20]} 70. Rc6 {[%emt 0:00:50]} Bb1+ {[%emt 0:01:01]} 71. Ke3 {[%emt 0:00:38]} Bc2 {[%emt 0:00:02]} 72. Rc5 {[%emt 0:01:11]} Ba4 {[%emt 0:00:48]} 73. Kd3 {[%emt 0:00:37]} Bb3 {[%emt 0:01:02]} 74. Rc6 {[%emt 0:00:31]} Ba4 {[%emt 0:00:34]} 75. Rc5 {[%emt 0:00:13]} Kb3 {[%emt 0:00:16]} 76. Rd5 {[%emt 0:00:49]} Kb4 {[%emt 0:00:30]} 77. Rd4+ {[%emt 0:00:21]} Kb5 {[%emt 0:00:36]} 78. Rd5+ {[%emt 0:00:22]} Kb4 {[%emt 0:00:18]} 79. Rd4+ {[%emt 0:00:06]} Kb3 {[%emt 0:00:07]} 80. Rd5 {[%emt 0:00:12]} Kb4 {[%emt 0:00:48]} 81. Rd4+ {[%emt 0:00:12]} Kb5 {[%emt 0:00:15]} 82. Rd5+ {[%emt 0:00:05]} Kc6 {[%emt 0:00:05]} 83. Rd8 {[%emt 0:01:15]} Bb5+ {[%emt 0:00:28]} 84. Ke3 {[%emt 0:00:20]} Kc5 {[%emt 0:00:04]} 85. Rc8+ {[%emt 0:00:12]} Kb4 {[%emt 0:00:15]} 86. Rc1 {[%emt 0:00:48]} Bc4 {[%emt 0:00:21]} 87. Rb1+ {[%emt 0:00:30]} Kc3 {[%emt 0:00:04]} 88. Rc1+ {[%emt 0:00:11]} Kb3 {[%emt 0:00:06]} 89. Rd1 {[%emt 0:00:16]} Kc2 {[%emt 0:00:36]} 90. Rd7 {[%emt 0:00:27]} Bb8 {[%emt 0:01:19]} 91. Rd2+ {[%emt 0:00:44]} Kc3 {[%emt 0:00:21]} 92. Rd7 {[%emt 0:00:11]} Bh2 {[%emt 0:00:49]} 93. Rd8 {[%emt 0:01:23]} Bg1+ {[%emt 0:00:45]} 94. Kf3 {[%emt 0:00:28]} Bd4 {[%emt 0:00:43]} 95. Re8 {[%emt 0:01:55]} Kd3 {[%emt 0:01:26]} 96. Kf4 {[%emt 0:00:19]} Be3+ {[%emt 0:00:51] Ke5} 1/2-1/2

[Event "EYCC Open-U12 2019"]
[Site "Bratislava"]
[Date "2019.08.10"]
[Round "9.37"]
[White "Cherneyko, Ivan"]
[Black "Cohen, Elad"]
[Result "1/2-1/2"]
[WhiteElo "1743"]
[BlackElo "2002"]
[Annotator "NA RC"]
[PlyCount "89"]
[EventDate "2019.08.02"]
[EventType "swiss"]
[EventCountry "SVK"]
[SourceTitle "playchess.com"]
[Source "ChessBase"]
[SourceQuality "1"]
[TimeControl "40/5400+30:1800+30"]

1. d4 {[%emt 0:00:43]} Nf6 {[%emt 0:00:00]} 2. c4 {[%emt 0:00:12]} e6 {[%emt 0:00:03]} 3. g3 {[%emt 0:01:08]} d5 {[%emt 0:00:27]} 4. Bg2 {[%emt 0:00:55]} dxc4 {[%emt 0:00:28]} 5. Qa4+ {[%emt 0:00:22]} Nbd7 {[%emt 0:00:54]} 6. Qxc4 {[%emt 0:00:15]} a6 {[%emt 0:00:53]} 7. Qc2 {[%emt 0:02:27]} c5 {[%emt 0:04:27]} 8. Nf3 {[%emt 0:02:59]} cxd4 9. Nxd4 {[%emt 0:02:32]} Bc5 {[%emt 0:07:51]} 10. Nb3 Bb4+ {[%emt 0:02:25]} 11. Bd2 {[%emt 0:03:16]} Bxd2+ {[%emt 0:00:16]} 12. N1xd2 {[%emt 0:00:12]} O-O {[%emt 0:00:46]} 13. O-O {[%emt 0:01:09]} Rb8 {[%emt 0:06:27]} 14. Rfd1 {[%emt 0:13:27]} b6 {[%emt 0:11:24]} 15. Ne4 {[%emt 0:20:28]} Bb7 {[%emt 0:01:59]} 16. Nd6 {[%emt 0:00:21]} Bxg2 {[%emt 0:03:03]} 17. Kxg2 {[%emt 0:00:05]} Qe7 {[%emt 0:02:10]} 18. e4 {[%emt 0:02:17]} Nc5 {[%emt 0:05:58]} 19. Nxc5 {[%emt 0:04:50]} bxc5 {[%emt 0:00:20]} 20. b3 {[%emt 0:00:34]} Qc7 {[%emt 0:07:34]} 21. Qe2 {[%emt 0:10:30]} a5 {[%emt 0:05:50]} 22. Rd2 {[%emt 0:09:31]} Rfd8 {[%emt 0:07:20]} 23. Rad1 {[%emt 0:00:26]} h6 {[%emt 0:00:33]} 24. Qa6 {[%emt 0:09:58]} Qb6 {[%emt 0:08:55]} 25. Qc4 {[%emt 0:01:57]} Qb4 {[%emt 0:03:15]} 26. e5 {[%emt 0:08:55]} Nd5 {[%emt 0:01:48]} 27. Rc2 {[%emt 0:00:42]} Qxc4 {[%emt 0:00:59]} 28. bxc4 {[%emt 0:00:09]} Nb4 {[%emt 0:03:07]} 29. Rcd2 {[%emt 0:02:53]} Nc6 {[%emt 0:01:43]} 30. f4 {[%emt 0:00:17]} Rb4 {[%emt 0:00:29]} 31. Kf2 {[%emt 0:01:06]} f6 {[%emt 0:02:47]} 32. exf6 {[%emt 0:00:30]} gxf6 {[%emt 0:00:02]} 33. Ne4 {[%emt 0:00:45]} Rxd2+ {[%emt 0:00:15]} 34. Rxd2 {[%emt 0:00:11]} Rxc4 {[%emt 0:01:04]} 35. Nxf6+ {[%emt 0:00:05]} Kg7 {[%emt 0:00:37]} 36. Ne8+ {[%emt 0:00:30]} Kf8 {[%emt 0:01:57]} 37. Nc7 {[%emt 0:00:37]} Ke7 {[%emt 0:00:51]} 38. Nb5 {[%emt 0:00:41]} e5 {[%emt 0:02:59]} 39. fxe5 {[%emt 0:00:38]} Nxe5 {[%emt 0:01:02]} 40. Re2 {[%emt 0:00:00]} Ke6 {[%emt 0:00:00]} 41. Nc7+ {[%emt 0:02:02]} Kd6 {[%emt 0:06:14]} 42. Ne8+ {[%emt 0:01:26]} Kd5 {[%emt 0:02:47]} 43. Nc7+ {[%emt 0:01:55]} Kd6 {[%emt 0:02:36]} 44. Ne8+ {[%emt 0:00:13]} Kd5 {[%emt 0:06:12]} 45. Nc7+ {[%emt 0:00:17] Ke6} 1/2-1/2

[Event "EYCC Open-U12 2019"]
[Site "Bratislava"]
[Date "2019.08.10"]
[Round "9.38"]
[White "Culum, Sanjin"]
[Black "Fizer, Marek"]
[Result "1-0"]
[WhiteElo "1912"]
[BlackElo "1624"]
[Annotator "NA RC"]
[PlyCount "119"]
[EventDate "2019.08.02"]
[EventType "swiss"]
[EventCountry "SVK"]
[SourceTitle "playchess.com"]
[Source "ChessBase"]
[SourceQuality "1"]
[TimeControl "40/5400+30:1800+30"]

1. e4 {[%emt 0:00:00]} c5 {[%emt 0:00:00]} 2. Nf3 {[%emt 0:00:00]} d6 {[%emt 0:00:07]} 3. d4 {[%emt 0:00:04]} cxd4 {[%emt 0:00:13]} 4. Nxd4 {[%emt 0:00:02]} Nf6 {[%emt 0:00:52]} 5. Nc3 {[%emt 0:00:05]} a6 {[%emt 0:00:27]} 6. h3 {[%emt 0:00:10]} e5 {[%emt 0:00:57]} 7. Nde2 {[%emt 0:00:05]} Be6 {[%emt 0:00:55]} 8. g4 {[%emt 0:00:26]} Be7 {[%emt 0:04:11]} 9. Bg2 {[%emt 0:00:18]} Nc6 {[%emt 0:10:34]} 10. Be3 {[%emt 0:01:38]} Rc8 {[%emt 0:01:28]} 11. Ng3 {[%emt 0:02:06]} b5 {[%emt 0:02:50]} 12. O-O {[%emt 0:01:22]} O-O {[%emt 0:01:02]} 13. Nd5 {[%emt 0:01:52]} Bxd5 {[%emt 0:01:05]} 14. exd5 {[%emt 0:00:03]} Na5 {[%emt 0:00:40]} 15. b3 {[%emt 0:01:16]} Qc7 {[%emt 0:01:22]} 16. g5 {[%emt 0:00:43]} Nd7 {[%emt 0:01:16]} 17. Be4 {[%emt 0:00:21]} g6 {[%emt 0:01:18]} 18. Qg4 {[%emt 0:11:25]} f5 {[%emt 0:03:44]} 19. Bxf5 {[%emt 0:01:36]} gxf5 {[%emt 0:01:51]} 20. Nxf5 {[%emt 0:00:03]} Rce8 {[%emt 0:01:09]} 21. g6 {[%emt 0:00:45]} Rxf5 {[%emt 0:05:29]} 22. gxh7+ {[%emt 0:00:06]} Kh8 {[%emt 0:01:52]} 23. Qxf5 {[%emt 0:00:10]} Nf6 {[%emt 0:06:57]} 24. Qg6 {[%emt 0:00:26]} Bd8 {[%emt 0:01:51]} 25. Bg5 {[%emt 0:01:45]} Qg7 {[%emt 0:00:16]} 26. Bxf6 {[%emt 0:00:38]} Bxf6 {[%emt 0:00:04]} 27. Qxg7+ {[%emt 0:00:09]} Kxg7 {[%emt 0:00:16]} 28. a4 {[%emt 0:01:17]} b4 {[%emt 0:00:35]} 29. Rae1 {[%emt 0:01:27]} Nb7 {[%emt 0:01:46]} 30. Re2 {[%emt 0:07:34]} a5 {[%emt 0:01:02]} 31. Rfe1 {[%emt 0:00:35]} Nc5 {[%emt 0:00:24]} 32. f3 {[%emt 0:00:11]} Kxh7 {[%emt 0:00:16]} 33. Rg2 {[%emt 0:01:34]} Rg8 {[%emt 0:04:56]} 34. Rxg8 {[%emt 0:00:39]} Kxg8 {[%emt 0:00:05]} 35. Kh2 {[%emt 0:00:30]} Nd7 {[%emt 0:02:00]} 36. Kg3 {[%emt 0:00:53]} Nb6 {[%emt 0:00:38]} 37. Rd1 {[%emt 0:01:02]} Kf7 {[%emt 0:02:15]} 38. Kg4 {[%emt 0:00:24]} Kg6 {[%emt 0:00:17]} 39. h4 {[%emt 0:00:06]} Bg7 {[%emt 0:00:34]} 40. h5+ {[%emt 0:00:00]} Kf6 {[%emt 0:00:00]} 41. f4 {[%emt 0:05:14]} Bh6 {[%emt 0:01:25]} 42. fxe5+ {[%emt 0:00:07]} Kxe5 {[%emt 0:00:07]} 43. Re1+ {[%emt 0:00:25]} Kxd5 {[%emt 0:00:41]} 44. Kf5 {[%emt 0:00:11]} Bg7 {[%emt 0:04:17]} 45. Kg6 {[%emt 0:00:18]} Bb2 {[%emt 0:00:13]} 46. h6 {[%emt 0:00:23]} Kc5 {[%emt 0:02:30]} 47. h7 {[%emt 0:00:39]} d5 {[%emt 0:00:25]} 48. Re7 {[%emt 0:00:06]} Ba1 {[%emt 0:05:06]} 49. Rg7 {[%emt 0:00:20]} Bxg7 {[%emt 0:00:39]} 50. Kxg7 {[%emt 0:00:02]} Kd4 {[%emt 0:00:07]} 51. h8=Q {[%emt 0:00:09]} Kc3 {[%emt 0:00:10]} 52. Qh2 {[%emt 0:00:27]} Nc4 {[%emt 0:00:19]} 53. Qe2 {[%emt 0:00:48]} Na3 {[%emt 0:00:35]} 54. Qd3+ {[%emt 0:00:12]} Kb2 {[%emt 0:00:06]} 55. Qxd5 {[%emt 0:00:45]} Kxc2 {[%emt 0:00:30]} 56. Kf6 {[%emt 0:00:28]} Nb1 {[%emt 0:00:22]} 57. Qxa5 {[%emt 0:00:22]} Kxb3 {[%emt 0:00:04]} 58. Qd5+ {[%emt 0:00:11]} Kxa4 {[%emt 0:01:24]} 59. Qd1+ {[%emt 0:00:13]} Ka3 {[%emt 0:00:05]} 60. Qxb1 1-0

[Event "EYCC Open-U12 2019"]
[Site "Bratislava"]
[Date "2019.08.10"]
[Round "9.39"]
[White "Paseka, Matyas"]
[Black "Ivanov, Svetlen"]
[Result "1-0"]
[WhiteElo "1917"]
[BlackElo "1717"]
[Annotator "NA RC"]
[PlyCount "51"]
[EventDate "2019.08.02"]
[EventType "swiss"]
[EventCountry "SVK"]
[SourceTitle "playchess.com"]
[Source "ChessBase"]
[SourceQuality "1"]
[TimeControl "40/5400+30:1800+30"]

1. e4 {[%emt 0:00:00]} c5 {[%emt 0:00:00]} 2. Nf3 {[%emt 0:00:00]} e6 {[%emt 0:00:00]} 3. d4 {[%emt 0:00:00]} cxd4 {[%emt 0:00:03]} 4. Nxd4 {[%emt 0:00:00]} Nf6 {[%emt 0:00:02]} 5. Nc3 {[%emt 0:00:10]} Nc6 {[%emt 0:00:05]} 6. Ndb5 {[%emt 0:00:10]} Bc5 {[%emt 0:00:09]} 7. Bf4 {[%emt 0:00:31]} O-O {[%emt 0:00:23]} 8. Bc7 {[%emt 0:00:20]} Qe7 {[%emt 0:00:04]} 9. Bd6 {[%emt 0:00:11]} Bxd6 {[%emt 0:00:04]} 10. Qxd6 {[%emt 0:00:09]} Qd8 {[%emt 0:00:04]} 11. O-O-O {[%emt 0:00:36]} a6 {[%emt 0:01:47]} 12. Nd4 {[%emt 0:00:32]} Qa5 {[%emt 0:18:41]} 13. Nb3 {[%emt 0:05:22]} Qb6 {[%emt 0:06:06]} 14. f3 {[%emt 0:08:40]} Qe3+ {[%emt 0:02:42]} 15. Kb1 {[%emt 0:01:41]} b5 {[%emt 0:01:00]} 16. Bd3 {[%emt 0:06:10]} Bb7 {[%emt 0:03:44]} 17. Rde1 {[%emt 0:01:42]} Qb6 {[%emt 0:00:27]} 18. e5 {[%emt 0:05:58]} Ne8 {[%emt 0:00:25]} 19. Bxh7+ {[%emt 0:01:38]} Kxh7 {[%emt 0:00:39]} 20. Qxf8 {[%emt 0:00:10]} f5 {[%emt 0:07:39]} 21. Qf7 {[%emt 0:03:22]} a5 {[%emt 0:01:26]} 22. Ne4 {[%emt 0:20:13]} Qd8 {[%emt 0:09:15]} 23. Qh5+ {[%emt 0:00:57]} Kg8 {[%emt 0:00:05]} 24. Ng5 {[%emt 0:00:13]} Nf6 {[%emt 0:01:02]} 25. Qf7+ {[%emt 0:04:53]} Kh8 {[%emt 0:00:03]} 26. exf6 {[%emt 0:00:16]} 1-0

[Event "EYCC Open-U12 2019"]
[Site "Bratislava"]
[Date "2019.08.10"]
[Round "9.40"]
[White "Janeczko, Jakub"]
[Black "Codreanu, Marius"]
[Result "1/2-1/2"]
[WhiteElo "1663"]
[BlackElo "1834"]
[Annotator "NA RC"]
[PlyCount "48"]
[EventDate "2019.08.02"]
[EventType "swiss"]
[EventCountry "SVK"]
[SourceTitle "playchess.com"]
[Source "ChessBase"]
[SourceQuality "1"]
[TimeControl "40/5400+30:1800+30"]

1. e4 {[%emt 0:00:00]} c6 {[%emt 0:00:00]} 2. d4 {[%emt 0:00:03]} d5 {[%emt 0:00:00]} 3. Nc3 {[%emt 0:00:07]} dxe4 {[%emt 0:00:00]} 4. Nxe4 {[%emt 0:00:18]} Nf6 {[%emt 0:00:00]} 5. Nxf6+ {[%emt 0:03:28]} gxf6 {[%emt 0:00:34]} 6. Nf3 {[%emt 0:03:44]} Bf5 {[%emt 0:01:00]} 7. Bd3 {[%emt 0:02:32]} e6 {[%emt 0:04:16]} 8. Bf4 {[%emt 0:06:44]} Bg6 {[%emt 0:03:44]} 9. Qd2 {[%emt 0:05:01]} Nd7 {[%emt 0:05:34]} 10. O-O-O {[%emt 0:04:13]} Qb6 {[%emt 0:04:36]} 11. Rhe1 {[%emt 0:06:30]} O-O-O {[%emt 0:02:12]} 12. Qe2 {[%emt 0:06:35]} Bg7 {[%emt 0:14:33]} 13. Bxg6 {[%emt 0:05:12]} hxg6 {[%emt 0:00:09]} 14. Rd3 {[%emt 0:00:53]} Qb5 {[%emt 0:08:33]} 15. a4 {[%emt 0:14:58]} Qd5 {[%emt 0:14:56]} 16. Ra3 {[%emt 0:09:24]} Nb6 {[%emt 0:12:46]} 17. a5 {[%emt 0:02:53]} Nc4 {[%emt 0:06:06]} 18. Ra4 {[%emt 0:02:05]} Nd6 {[%emt 0:00:50]} 19. Bxd6 {[%emt 0:01:13]} Rxd6 {[%emt 0:01:48]} 20. a6 {[%emt 0:04:49]} b6 {[%emt 0:01:46]} 21. Kb1 {[%emt 0:03:34]} Qf5 {[%emt 0:05:42]} 22. Nd2 {[%emt 0:02:51]} Qb5 {[%emt 0:02:54]} 23. Ne4 {[%emt 0:03:56]} Rd7 {[%emt 0:02:19]} 24. Rc4 {[%emt 0:00:50]} Kd8 {[%emt 0:01:36]} 1/2-1/2

[Event "EYCC Open-U12 2019"]
[Site "Bratislava"]
[Date "2019.08.10"]
[Round "9.41"]
[White "Venkatesan, Kavin"]
[Black "Werner, Hong Quan Dan"]
[Result "1-0"]
[WhiteElo "1797"]
[BlackElo "1734"]
[Annotator "NA RC"]
[PlyCount "45"]
[EventDate "2019.08.02"]
[EventType "swiss"]
[EventCountry "SVK"]
[SourceTitle "playchess.com"]
[Source "ChessBase"]
[SourceQuality "1"]
[TimeControl "40/5400+30:1800+30"]

1. d4 {[%emt 0:00:00]} Nf6 {[%emt 0:00:02]} 2. c4 {[%emt 0:00:00]} g6 {[%emt 0:00:10]} 3. Nc3 {[%emt 0:00:00]} Bg7 {[%emt 0:00:27]} 4. Nf3 {[%emt 0:00:06]} d6 {[%emt 0:00:17]} 5. Bg5 {[%emt 0:00:05]} O-O {[%emt 0:02:32]} 6. e3 {[%emt 0:00:03]} h6 {[%emt 0:00:37]} 7. Bh4 {[%emt 0:00:18]} g5 {[%emt 0:01:21]} 8. Bg3 {[%emt 0:00:05]} c5 {[%emt 0:02:47]} 9. Be2 {[%emt 0:03:10]} cxd4 {[%emt 0:02:55]} 10. exd4 {[%emt 0:01:09]} Nh5 {[%emt 0:04:47]} 11. Qd3 {[%emt 0:05:45]} f5 {[%emt 0:03:18]} 12. Nd2 {[%emt 0:01:11]} Nf6 {[%emt 0:02:46]} 13. f4 {[%emt 0:03:21]} g4 {[%emt 0:04:54]} 14. O-O-O {[%emt 0:11:02]} Nh5 {[%emt 0:05:38]} 15. h3 {[%emt 0:05:05]} Nxg3 {[%emt 0:12:56]} 16. Qxg3 {[%emt 0:00:07]} Rf6 {[%emt 0:00:10]} 17. hxg4 {[%emt 0:00:25]} fxg4 {[%emt 0:04:44]} 18. Nd5 {[%emt 0:09:53]} Rf8 {[%emt 0:03:09]} 19. Bxg4 {[%emt 0:05:13]} Bxg4 {[%emt 0:00:31]} 20. Qxg4 {[%emt 0:00:05]} Kh8 {[%emt 0:00:45]} 21. Qe6 {[%emt 0:02:23]} Rf6 {[%emt 0:06:32]} 22. Nxf6 {[%emt 0:00:18]} exf6 23. Ne4 1-0

[Event "EYCC Open-U12 2019"]
[Site "Bratislava"]
[Date "2019.08.10"]
[Round "9.42"]
[White "Herwy, Jakub"]
[Black "Zlatkov, Anton"]
[Result "1-0"]
[WhiteElo "1685"]
[BlackElo "1782"]
[Annotator "NA RC"]
[PlyCount "57"]
[EventDate "2019.08.02"]
[EventType "swiss"]
[EventCountry "SVK"]
[SourceTitle "playchess.com"]
[Source "ChessBase"]
[SourceQuality "1"]
[TimeControl "40/5400+30:1800+30"]

1. e4 {[%emt 0:00:00]} c5 {[%emt 0:00:00]} 2. Nf3 {[%emt 0:00:00]} d6 {[%emt 0:00:00]} 3. c3 {[%emt 0:00:00]} Nf6 {[%emt 0:00:05]} 4. Bd3 {[%emt 0:00:00]} Bg4 {[%emt 0:00:42]} 5. O-O {[%emt 0:00:46]} Nc6 {[%emt 0:00:56]} 6. h3 {[%emt 0:01:09]} Bh5 {[%emt 0:00:26]} 7. Bc2 {[%emt 0:00:35]} e5 {[%emt 0:05:50]} 8. d3 {[%emt 0:00:51]} Be7 {[%emt 0:01:33]} 9. Nbd2 {[%emt 0:01:10]} O-O {[%emt 0:00:40]} 10. Re1 {[%emt 0:00:21]} d5 {[%emt 0:08:16]} 11. Qe2 {[%emt 0:03:13]} Re8 {[%emt 0:10:04]} 12. Nf1 {[%emt 0:02:47]} dxe4 {[%emt 0:06:42]} 13. dxe4 {[%emt 0:00:13]} Qc7 {[%emt 0:02:33]} 14. g4 {[%emt 0:00:51]} Bg6 {[%emt 0:00:27]} 15. Ng3 {[%emt 0:02:26]} Nd8 {[%emt 0:13:16]} 16. Ba4 {[%emt 0:12:09]} Rf8 {[%emt 0:00:23]} 17. Bb3 {[%emt 0:03:08]} a6 {[%emt 0:06:05]} 18. a4 {[%emt 0:00:14]} Rc8 {[%emt 0:01:04]} 19. Bc4 {[%emt 0:13:41]} Nc6 {[%emt 0:04:17]} 20. Bg5 {[%emt 0:13:04]} Ne8 {[%emt 0:07:46]} 21. Bxe7 {[%emt 0:03:51]} Qxe7 {[%emt 0:02:22]} 22. Nf5 {[%emt 0:00:38]} Qc7 {[%emt 0:02:15]} 23. Bd5 {[%emt 0:01:51]} Ne7 {[%emt 0:02:43]} 24. Rad1 {[%emt 0:06:17]} Nxd5 {[%emt 0:05:22]} 25. Rxd5 {[%emt 0:00:44]} Bxf5 {[%emt 0:00:12]} 26. exf5 {[%emt 0:02:05]} f6 {[%emt 0:00:06]} 27. Red1 {[%emt 0:00:07]} Rf7 {[%emt 0:02:24]} 28. Qc4 {[%emt 0:01:48]} Qc6 {[%emt 0:01:32]} 29. Rd7 {[%emt 0:01:41]} 1-0